European Radiocommunications Office (Record no. 120130)

MARC details
000 -LEADER
fixed length control field 00924cam a2200229 4500
001 - CONTROL NUMBER
control field WS119168
008 - FIXED-LENGTH DATA ELEMENTS--GENERAL INFORMATION
fixed length control field 020802n 000 0 eng u
035 ## - SYSTEM CONTROL NUMBER
System control number (Sirsi) u119168
245 ## - TITLE STATEMENT
Title European Radiocommunications Office
520 ## - SUMMARY, ETC.
Summary, etc. Web site for this office supporting the Electronics Communications Committee of the CEPT. Includes details of the ERO Frequency Information System (EFS), national frequency tables and details of satellite licences.
650 ## - SUBJECT ADDED ENTRY--TOPICAL TERM
Topical term or geographic name entry element EUROPEAN TELECOMMUNICATIONS OFFICE
650 ## - SUBJECT ADDED ENTRY--TOPICAL TERM
Topical term or geographic name entry element EUROPE
650 ## - SUBJECT ADDED ENTRY--TOPICAL TERM
Topical term or geographic name entry element SATELLITE COMMUNICATIONS
650 ## - SUBJECT ADDED ENTRY--TOPICAL TERM
Topical term or geographic name entry element FREQUENCIES
650 ## - SUBJECT ADDED ENTRY--TOPICAL TERM
Topical term or geographic name entry element NUMBERING
650 ## - SUBJECT ADDED ENTRY--TOPICAL TERM
Topical term or geographic name entry element EUROPEAN COMMITTEE FOR TELECOMMUNICATION REGULATORY AFFAIRS
650 ## - SUBJECT ADDED ENTRY--TOPICAL TERM
Topical term or geographic name entry element EUROPEAN RADIOCOMMUNICATION COMMITTEE
650 ## - SUBJECT ADDED ENTRY--TOPICAL TERM
Topical term or geographic name entry element TELECOMMUNICATIONS
690 ## - LOCAL SUBJECT ADDED ENTRY--TOPICAL TERM (OCLC, RLIN)
Topical term or geographic name as entry element TRANSPORT AND COMMUNICATIONS
856 40 - ELECTRONIC LOCATION AND ACCESS
Uniform Resource Identifier <a href="https://www.ero.dk">https://www.ero.dk</a>
Public note View the website free of charge at www.ero.dk...
942 ## - ADDED ENTRY ELEMENTS (KOHA)
Suppress in OPAC 0
Holdings
Withdrawn status Lost status Source of classification or shelving scheme Damaged status Not for loan Home library Current library Shelving location Date acquired Total Checkouts Full call number Barcode Date last seen Copy number Price effective from Koha item type
    Dewey Decimal Classification     Virtual Virtual Online 02/08/2002   WEB SITE 119168-2001 06/08/2019 1 06/08/2019 Online material